Clash Royale all cards - Statistics

General Stats
  • This quiz has been taken 12 times
  • The average score is 64 of 121
Answer Stats
Arena Elixir Rarity Type Answer % Correct
Training Camp 3 Common Spell Arrows
100%
Training Camp 5 Rare Troop Giant
100%
Goblin Stadium 2 Common Troop Goblins
100%
Bone Pit 1 Common Troop Skeletons
100%
Spell Valley 5 Rare Troop Wizard
100%
Builder's Workshop 2 Common Spell Zap
100%
Training Camp 3 Common Troop Archers
83%
Barbarian Bowl 5 Common Troop Barbarians
83%
Builder's Workshop 2 Common Troop Bats
83%
Bone Pit 2 Common Troop Bomber
83%
Barbarian Bowl 3 Common Builiding Cannon
83%
Spell Valley 1 Common Troop Electro Spirit
83%
Training Camp 4 Rare Spell Fireball
83%
Goblin Stadium 4 Rare Builiding Goblin Hut
83%
Hog Mountain 8 Epic Troop Golem
83%
Builder's Workshop 4 Rare Troop Hog Rider
83%
Frozen Peak 2 Rare Troop Ice Golem
83%
Spell Valley 5 Rare Builiding Inferno Tower
83%
Training Camp 3 Common Troop Knight
83%
Electro Valley 7 Legendary Troop Mega Knight
83%
Barbarian Bowl 3 Rare Troop Mega Minion
83%
Training Camp 3 Common Troop Minions
83%
Training Camp 4 Rare Troop Mini P.E.K.K.A
83%
Training Camp 4 Rare Troop Musketeer
83%
P.E.K.K.A's Playhouse 3 Epic Troop Skeleton Army
83%
Spell Valley 4 Common Troop Skeleton Dragons
83%
P.E.K.K.A's Playhouse 4 Epic Troop Baby Dragon
67%
Jungle Arena 2 Epic Builiding Barbarian Barrel
67%
Jungle Arena 6 Rare Builiding Barbarian Hut
67%
Rascal's Hideout 7 Epic Troop Electro Giant
67%
Electro Valley 4 Legendary Troop Electro Wizard
67%
Serenity Peak 3 Rare Troop Elixir Golem
67%
Spell Valley 1 Common Troop Fire Spirit
67%
P.E.K.K.A's Playhouse 3 Epic Spell Goblin Barrel
67%
Goblin Stadium 4 Rare Builiding Goblin Cage
67%
Miner's Mine 5 Legendary Troop Goblin Machine
67%
Spooky Town 5 Legendary Troop Graveyard
67%
Rascal's Hideout 1 Rare Troop Heal Spirit
67%
Frozen Peak 1 Common Troop Ice Spirit
67%
Rascal's Hideout 4 Legendary Troop Magic Archer
67%
Electro Valley 3 Legendary Troop Miner
67%
Miner's Mine ? Epic Spell Mirror
67%
Serenity Peak 4 Legendary Troop Night Witch
67%
P.E.K.K.A's Playhouse 7 Epic Troop P.E.K.K.A
67%
Goblin Stadium 2 Common Troop Spear Goblins
67%
Hog Mountain 4 Common Builiding Tesla
67%
Bone Pit 3 Rare Builiding Tombstone
67%
P.E.K.K.A's Playhouse 5 Epic Troop Witch
67%
Hog Mountain 4 Rare Troop Zappies
67%
Rascal's Hideout 3 Legendary Troop Bandit
50%
Spell Valley 4 Rare Builiding Bomb Tower
50%
Royal Crypt 6 Champion Troop Boss Bandit
50%
Miner's Mine 4 Epic Spell Clone
50%
Jungle Arena 3 Rare Troop Dart Goblin
50%
Spooky Town 5 Epic Troop Electro Dragon
50%
Spooky Town 3 Common Troop Firecracker
50%
Silent Sanctuary 5 Champion Troop Goblinstein
50%
Jungle Arena 3 Common Troop Goblin Gang
50%
Executioner's Kitchen 4 Champion Troop Golden Knight
50%
P.E.K.K.A's Playhouse 3 Epic Troop Guards
50%
Hog Mountain 4 Epic Troop Hunter
50%
Spooky Town 3 Legendary Troop Ice Wizard
50%
Frozen Peak 6 Epic Spell Lightning
50%
Serenity Peak 4 Legendary Troop Lumberjack
50%
Royal Crypt 4 Champion Troop Mighty Miner
50%
Silent Sanctuary 5 Champion Troop Monk
50%
Miner's Mine 4 Legendary Troop Mother Witch
50%
Serenity Peak 2 Epic Spell Rage
50%
Electro Valley 5 Legendary Troop Ram Rider
50%
Builder's Workshop 6 Rare Spell Rocket
50%
Spooky Town 3 Legendary Troop Royal Ghost
50%
Royal Arena 6 Common Troop Royal Giant
50%
Royal Arena 5 Rare Troop Royal Hogs
50%
Royal Arena 7 Common Troop Royal Recriuts
50%
Jungle Arena 3 Common Troop Skeleton Barrel
50%
Executioner's Kitchen 4 Champion Troop Skeleton King
50%
Electro Valley 6 Legendary Troop Sparky
50%
Royal Arena 9 Rare Troop Three Musketeers
50%
Spooky Town 2 Epic Troop Wall Breakers
50%
Royal Crypt 5 Champion Troop Archer Queen
33%
Royal Arena 5 Epic Troop Ballon
33%
Frozen Peak 4 Rare Troop Battle Healer
33%
Barbarian Bowl 4 Rare Troop Battle Ram
33%
Miner's Mine 5 Epic Troop Cannon Cart
33%
Royal Arena 4 Epic Troop Dark Prince
33%
Spooky Town 3 Rare Spell Earthquake
33%
Miner's Mine 6 Rare Builiding Elixir Collector
33%
Miner's Mine 3 Legendary Troop Fisherman
33%
Frozen Peak 6 Epic Troop Giant Skeleton
33%
Frozen Peak 2 Common Spell Giant Snowball
33%
Serenity Peak 2 Epic Spell Goblin Curse
33%
Jungle Arena 6 Epic Troop Goblin Giant
33%
Electro Valley 4 Legendary Troop Inferno Dragon
33%
Rascal's Hideout 7 Legendary Troop Lava Hound
33%
Silent Sanctuary 3 Champion Troop Little Prince
33%
Electro Valley 2 Legendary Spell Log
33%
Hog Mountain 5 Common Troop Minion Horde
33%
Spooky Town 5 Legendary Troop Phoenix
33%
Royal Arena 5 Epic Troop Prince
33%
Electro Valley 3 Legendary Troop Princess
33%
Jungle Arena 4 Epic Troop Rune Giant
33%
Miner's Mine 3 Epic Spell Tornado
33%
Miner's Mine 3 Epic Spell Void
33%
Jungle Arena 2 Common Troop Berserker
17%
Rascal's Hideout 5 Epic Troop Bowler
17%
Hog Mountain 6 Common Troop Elite Barbarians
17%
Builder's Workshop 4 Rare Troop Flying Machine
17%
Frozen Peak 4 Epic Spell Freeze
17%
Hog Mountain 4 Rare Troop Furance
17%
Serenity Peak 4 Epic Builiding Goblin Drill
17%
Builder's Workshop 4 Common Builiding Mortar
17%
Jungle Arena 4 Epic Spell Poison
17%
Rascal's Hideout 5 Common Troop Rascals
17%
Serenity Peak 3 Common Spell Royal Delivery
17%
Miner's Mine 6 Epic Troop Spirit Empress
17%
Rascal's Hideout 2 Rare Troop Suspicious Bush
17%
Bone Pit 4 Rare Troop Valkyirie
17%
Frozen Peak 3 Epic Spell Vines
17%
Hog Mountain 6 Epic Builiding X-Bow
17%
Serenity Peak 5 Epic Troop Executioner
0%
Spooky Town 4 Rare Troop Goblin Demolisher
0%
No matching quizzes found
Score Distribution
Percent of People with Each Score
Percentile by Number Answered
Your Score History
You have not taken this quiz